Rock Bands By Song #4 - Statistics

General Stats
  • This quiz has been taken 112 times
  • The average score is 8 of 15
Answer Stats
Song Band % Correct
Zombie The Cranberries
82%
With Or Without You U2
78%
Should I Stay Or Should I Go The Clash
74%
Have You Ever Seen The Rain Creedence Clearwater Revival
68%
Girls, Girls, Girls Mötley Crüe
67%
Bring Me To Life Evanescence
64%
Shiny Happy People R.E.M.
52%
Cowboys From Hell Pantera
44%
What's My Name Again? blink-182
43%
Fake Plastic Trees Radiohead
39%
R U Mine? Arctic Monkeys
36%
Reelin' In The Years Steely Dan
36%
Animal I Have Become Three Days Grace
31%
Ruby Kaiser Chiefs
21%
Blurry Puddle Of Mudd
20%
No matching quizzes found
Score Distribution
Percent of People with Each Score
Percentile by Number Answered
Your Score History
You have not taken this quiz